Textbook of mechanical technology: heat engines (Record no. 8711)

000 -LEADER
fixed length control field 00459nam a2200181 4500
001 - CONTROL NUMBER
control field 8711
003 - CONTROL NUMBER IDENTIFIER
control field BD-DhUET
008 - FIXED-LENGTH DATA ELEMENTS--GENERAL INFORMATION
fixed length control field 150124b xxu||||| |||| 00| 0 eng d
040 ## - CATALOGING SOURCE
Original cataloging agency DLC
Transcribing agency DLC
Modifying agency BD-DhUET
082 ## - DEWEY DECIMAL CLASSIFICATION NUMBER
Classification number 621
Item number KHU/1982
100 ## - MAIN ENTRY--PERSONAL NAME
Personal name Khurmi, R. S
245 ## - TITLE STATEMENT
Title Textbook of mechanical technology: heat engines
250 ## - EDITION STATEMENT
Edition statement 1st. ed.
260 ## - PUBLICATION, DISTRIBUTION, ETC. (IMPRINT)
Place of publication, distribution, etc. New Delhi
Name of publisher, distributor, etc. S.Chand
Date of publication, distribution, etc. 1982
300 ## - PHYSICAL DESCRIPTION
Extent 920 p.
Other physical details ill.
650 #0 - SUBJECT ADDED ENTRY--TOPICAL TERM
Topical term or geographic name as entry element Mechanical engineering
942 ## - ADDED ENTRY ELEMENTS (KOHA)
Koha item type General Book
Holdings
Koha item type Price effective from Lost status Withdrawn status Not for loan Damaged status Koha date last seen Piece designation (barcode) Source of classification or shelving scheme Shelving location Sublocation or collection (holding branch) Koha full call number Copy number Date acquired Location (home branch) Koha normalized classification for sorting
General Book2015-01-24    2015-01-2455401 Circulation sectionCentral Library, BUET621 KHU/198212015-01-24Central Library, BUET621_000000000000000_KHU_1982
Reading Item2015-06-16    2015-06-1656409 Reading sectionCentral Library, BUET621/KHU/198222015-06-16Central Library, BUET621_000000000000000_KHU_1982
Reading Item2015-07-02    2015-07-0256412 Reading sectionCentral Library, BUET621/KHU/198232015-07-02Central Library, BUET621_000000000000000_KHU_1982